Statistics for Best African Teams at each World Cup

Click here to take the quiz!

General Stats

  • This quiz has been taken 55 times
  • The average score is 12 of 15

Answer Stats

HintAnswer% Correct
2022 (4th)Morocco
94%
2018 (R1)Egypt / Morocco / Nigeria / Senegal / Tunisia
90%
2014 (R2)Algeria / Nigeria
88%
2010 (QF)Ghana
83%
2002 (QF)Senegal
83%
1934 (R1)Egypt
81%
1990 (QF)Cameroon
79%
2006 (R2)Ghana
79%
1994 (R2)Nigeria
75%
1998 (R2)Nigeria
75%
1982 (R1)Algeria / Cameroon
71%
1970 (R1)Morocco
69%
1974 (R1)DR Congo
67%
1986 (R2)Morocco
67%
1978 (R1)Tunisia
65%

Score Distribution

Percentile by Number Answered

Percent of People with Each Score

Your Score History

You have not taken this quiz